000 00242nam a2200109Ia 4500
100 _aSharma & Gupta
942 _cBK
654 _aEquations
245 _aDifferential Equations
260 _bKrishna Prakashan Mandir
_c2001
546 _aENGLISH
999 _c22214
_d22214